Guess The Country By Photo - Statistics

General Stats
  • This quiz has been taken 36 times
  • The average score is 6 of 10
Answer Stats
Picture Answer % Correct
India
94%
France
91%
Russia
88%
Australia
85%
Japan
76%
Canada
50%
Switzerland
41%
Bolivia
24%
Pakistan
15%
Algeria
6%
No matching quizzes found
Score Distribution
Percent of People with Each Score
Percentile by Number Answered
Your Score History
You have not taken this quiz